[Event "JUNIOR WORLD CHESS CHAMPIONSHI"]
[Site "Puerto Madryn, Argentina"]
[Date "2009.10.31"]
[Round "10.18"]
[White "Mendoza Velazquez, Lorena Alejand"]
[Black "Anton, Sarah"]
[Result "1-0"]
[WhiteElo "1973"]
[BlackElo "1820"]
[PlyCount "79"]
[EventDate "2009.10.22"]

1. Nf3 d6 2. g3 g6 3. Bg2 f5 4. O-O Nf6 5. c4 Bg7 6. d4 O-O 7. Nc3 Qe8 8. d5
Na6 9. Nd4 Bd7 10. Rb1 c6 11. Bg5 h6 12. Bxf6 Rxf6 13. e4 e5 14. dxe6 Bxe6 15.
Nxe6 Qxe6 16. exf5 Rxf5 17. Bh3 Raf8 18. Bxf5 Rxf5 19. Re1 Qd7 20. Ne4 d5 21.
cxd5 Rxd5 22. Qe2 Qh3 23. Rbd1 Rh5 24. Rd8+ Kh7 25. f3 Nc7 26. Qg2 Qf5 27. Red1
Qa5 28. R8d7 Nd5 29. Qf2 Re5 30. Rxb7 Qa6 31. Rxa7 Qc4 32. Qd4 Qe2 33. Rxg7+
Kxg7 34. Qxe5+ Kf8 35. Qh8+ Ke7 36. Qg7+ Kd8 37. Rxd5+ cxd5 38. Qf6+ Kc7 39.
Nf2 g5 40. Kg2 1-0

[Event "JUNIOR WORLD CHESS CHAMPIONSHI"]
[Site "Puerto Madryn, Argentina"]
[Date "2009.10.31"]
[Round "10.20"]
[White "Martinez, Janine"]
[Black "De Leon, Patricia"]
[Result "0-1"]
[WhiteElo "1948"]
[BlackElo "1741"]
[PlyCount "88"]
[EventDate "2009.10.22"]

1. d4 d5 2. c4 e6 3. Nc3 Nf6 4. Bg5 Be7 5. e3 h6 6. Bh4 O-O 7. Nf3 b6 8. Be2
Bb7 9. O-O Nbd7 10. Ne5 Nxe5 11. dxe5 Ne4 12. Bxe7 Qxe7 13. cxd5 Nxc3 14. bxc3
Bxd5 15. Bf3 Rad8 16. Bxd5 Rxd5 17. Qa4 c5 18. f4 Qd7 19. Qe4 Rd8 20. c4 Rd2
21. f5 Qd3 22. Qf4 exf5 23. Qxf5 Qxf5 24. Rxf5 Rd1+ 25. Rf1 Rxa1 26. Rxa1 Rd2
27. a4 Rc2 28. a5 Rxc4 29. a6 Kf8 30. Kf2 Re4 31. Kf3 Rxe5 32. Rb1 Re6 33. Rb5
Ke7 34. Ke2 Rd6 35. g3 Kd7 36. Rb1 Kc7 37. Rf1 Rf6 38. Rd1 b5 39. Ra1 Kb6 40.
Kd3 Rf2 41. h4 c4+ 42. Kd4 Rd2+ 43. Ke5 c3 44. e4 c2 0-1

[Event "JUNIOR WORLD CHESS CHAMPIONSHI"]
[Site "Puerto Madryn, Argentina"]
[Date "2009.10.31"]
[Round "10.22"]
[White "Hattingh, Angelique"]
[Black "Flores, Nancy"]
[Result "1/2-1/2"]
[WhiteElo "1790"]
[BlackElo "1927"]
[PlyCount "103"]
[EventDate "2009.10.22"]

1. e4 c5 2. Nf3 d6 3. d4 cxd4 4. Qxd4 Nc6 5. Bb5 Bd7 6. Bxc6 Bxc6 7. Nc3 Nf6 8.
Bg5 e6 9. O-O-O Be7 10. Rhe1 O-O 11. Qd2 Qa5 12. Nd4 Rfd8 13. f4 h6 14. Bxf6
Bxf6 15. Kb1 Rac8 16. g4 e5 17. Nb3 Qc7 18. g5 hxg5 19. fxg5 Be7 20. Rg1 g6 21.
h4 Kg7 22. Rdf1 Rh8 23. Rh1 Rh5 24. Qf2 Rf8 25. Qxa7 Rfh8 26. Na5 Rxh4 27. Rxh4
Rxh4 28. Nxc6 Qxc6 29. Qe3 Qc4 30. Rg1 Qd4 31. Qxd4 exd4 32. Nd5 Rxe4 33. Nxe7
Rxe7 34. Rd1 Re4 35. a4 Kf8 36. Kc1 Ke7 37. Kd2 Ke6 38. Re1 Rxe1 39. Kxe1 Kf5
40. b4 Ke5 41. Kd2 f5 42. gxf6 Kxf6 43. a5 Ke5 44. b5 Kd5 45. a6 bxa6 46. bxa6
Kc6 47. Kd3 Kb6 48. Kxd4 Kxa6 49. Ke4 Kb5 50. Kf4 Kc4 51. Kg5 Kd5 52. Kxg6
1/2-1/2